000 00562cam a2200217ua 4500
001 2543
005 20260515113521.0
008 110912n ii |||gr||||Z||||||asm
020 _a81-7331-027-0
040 _cMAIN
082 _a491.451
100 _aBharali, Devananda,
_eAuthor.
245 1 _aAsamiya bhashar moulik bichar
_cby Devananda Bharali
250 _a3rd.
260 _aGuahati:
_bLawyers book stall,993.
300 _a199p:
_c23cm.
653 _aLanguage
653 _aAssamese language
653 _aAsamiya bhashar moulik bichar
942 _cBK
999 _c2394
_d2394